Normal view
MARC view
Entry Topical Term
001 - CONTROL NUMBER
- control field: 16977
003 - CONTROL NUMBER IDENTIFIER
- control field: OSt
005 - DATE AND TIME OF LATEST TRANSACTION
- control field: 20211105134114.0
008 - FIXED-LENGTH DATA ELEMENTS
- fixed length control field: 211105|| aca||aabn | a|a d
040 ## - CATALOGING SOURCE
- Original cataloging agency: OSt
- Transcribing agency: OSt
150 ## - HEADING--TOPICAL TERM
- Topical term or geographic name entry element: Planetary rotation
670 ## - SOURCE DATA FOUND
- Source citation: Work cat.: (OSt): Kiladze, R. I. 16976, The current understanding of rotation of planets as a result of the development of near-planetary showers of small particles (in Russian), 1986